000
00289nam a22001457a 4500
003
SGT
082
_a
346,KUM
100
_a
KUMAR,H.L.
245
_a
LEGAL DRAFTING
250
_a
2ND
260
_a
NEW DELHI
_b
UNIVERSAL BOOKS
_c
2014
300
_a
446
650
_a
LAW
942
_2
ddc
_c
BK
_0
11
999
_c
9773
_d
9773